000 00635nam a2200229 a 4500
008
020 _a039309247X (cased)
049 _aMAIN
090 _aQH430
100 1 _aMerrell, David J.
245 1 3 _aAn introduction to genetics /
_cDavid J. Merrell.
260 _aNew York :
_bNorton,
_cc1975.
300 _axxi, 822 p. :
_bill. ;
_c25 cm.
504 _aIncludes bibliographical references.
500 _aIncludes index.
650 0 _aGenetics.
907 _a.b10001104
_b05-08-13
_c17-04-03
003
005 20230123133648.0
040 _cNUST
942 _cBOOKS
_kQH430
999 _c152449
_d152449